| 000 | 00659cam a22002413a 4500 | ||
|---|---|---|---|
| 001 | 1246 | ||
| 003 | PGUSA | ||
| 005 | 20140828082958.0 | ||
| 008 | 980301s1998||||xxu|||||s|||||000 p eng d | ||
| 040 |
_aPGUSA _beng |
||
| 042 | _adc | ||
| 050 | 4 | _aPS | |
| 100 | 1 |
_aAiken, Conrad, _d1889-1973 |
|
| 245 | 1 | 4 |
_aThe House of Dust : _bA Symphony _h[electronic resource] / _cConrad Aiken |
| 260 |
_bProject Gutenberg, _c1998 |
||
| 506 | _aPublic domain in the USA. | ||
| 516 | _aElectronic text | ||
| 653 | _aAmerican poetry | ||
| 653 | _aPastoral poetry | ||
| 830 | 0 |
_aProject Gutenberg _v1246 |
|
| 856 | 4 | 0 | _uhttp://www.gutenberg.org/ebooks/1246 |
| 942 | _cEB | ||
| 999 |
_c230594 _d230594 |
||